El arzobispo Goyeneche y apuntes para la historia del Perú / (Record no. 123369)

MARC details
000 -LEADER
campo de control de longitud fija 00523nam a2200157 4500
001 - NÚMERO DE CONTROL
campo de control 123369
003 - IDENTIFICADOR DE NÚMERO DE CONTROL
campo de control ES-MaACL
007 - CAMPO FIJO DE DESCRIPCIÓN FÍSICA--INFORMACIÓN GENERAL
campo de control de longitud fija t|
008 - DATOS DE LONGITUD FIJA--INFORMACIÓN GENERAL
campo de control de longitud fija 070214s1917 it r ||||1| spa d
100 1# - ENTRADA PRINCIPAL--NOMBRE DE PERSONA
Nombre de persona Rada y Gamio, Pedro José.
9 (RLIN) 94905
245 13 - MENCIÓN DEL TÍTULO
Título El arzobispo Goyeneche y apuntes para la historia del Perú /
Mención de responsabilidad, etc. por Pedro José Rada y Gamio.
260 ## - PUBLICACIÓN, DISTRIBUCIÓN, ETC.
Lugar de publicación, distribución, etc. Roma :
Nombre del editor, distribuidor, etc. [s. n.],
Fecha de publicación, distribución, etc. 1917 (
Fabricante Imprenta Políglota Vaticana)
300 ## - DESCRIPCIÓN FÍSICA
Extensión XLVII, 954 p. ;
Dimensiones 24 cm.
500 ## - NOTA GENERAL
Nota general Apéndice documental: p. 700-954.
852 ## - LOCALIZACIÓN
Ubicación ES-MaACL
Número de control de estantería G-4925
Holdings
Estatus retirado Estado de pérdida Estado de daño No para préstamo Biblioteca de origen Biblioteca actual Ubicación en estantería Fecha de adquisición Fuente de adquisición Total de préstamos Signatura topográfica completa Código de barras Visto por última vez Precio de reemplazo Tipo de ítem Koha
        Biblioteca del Ateneo de Madrid Biblioteca del Ateneo de Madrid Depósito 2 17/01/2008     G-4925 1128542 23/02/2023 23/02/2023 Libro impreso